Länder mit den meisten Wodkaexporten - Statistiken

Allgemein
  • Dieses Quiz wurde 155 mal gespielt
  • Das Durchschnittsergebnis liegt bei 7 aus 10
Antwortstatistiken
Platz Land Exporte Weltmarktanteil % Korrekt
3. Russland 144 Mio. 7,4%
100%
9. Deutschland 70 Mio. 3,6%
96%
6. Vereinigte Staaten 83 Mio. 4,3%
94%
4. Polen 134 Mio. 6,9%
89%
10. Finnland 66 Mio. 3,4%
76%
2. Frankreich 361 Mio. 18,5%
73%
1. Schweden 402 Mio. 20,6%
69%
8. Italien 82 Mio. 4,2%
59%
6. Litauen 83 Mio. 4,3%
40%
5. Niederlande 131 Mio. 6,7%
40%
Keine übereinstimmenden Quizze gefunden
Verteilung der Resultate
Anzahl Personen mit jedem Resultat
Perzentil nach korrekt beantworteten Fragen
Ihre Resultats-Entwicklung
Sie haben dieses Quiz noch nicht gespielt